| 000 | 00530nam a2200193 4500 | ||
|---|---|---|---|
| 003 | OSt | ||
| 005 | 20240727015113.0 | ||
| 006 | a | ||
| 008 | 240727b |||||||| |||| 00| 0 eng d | ||
| 020 | _a9789712349706 | ||
| 040 |
_aDWCL-Main lib. _cOC |
||
| 082 | _aFil. 349.28 Az998e 2007 | ||
| 100 | _aAzucena, C.A. Jr. | ||
| 245 | _aEveryone’s labor code / | ||
| 260 |
_aManila : _bRex Book Store, Inc. , _cc2007 |
||
| 300 |
_axxxvi, _b623 p. ; _c23 cm. |
||
| 650 | _a1. Labor laws-Philippines. | ||
| 942 |
_2ddc _n0 _cBK - FIL _kFil. |
||
| 999 |
_c2845 _d2845 |
||